Tratado de anatomía topográfica con aplicaciones medicoquirúrgicas. (Registro nro. 621)

Detalles MARC
000 -LEADER
fixed length control field 00942Cam#a2200265#a#4500
005 - FECHA ULTIMA MODIFICACION
control field 20240613100357.0
008 - CAMPO DE CONTROL (LIBRO)
fixed length control field 100823s1983||||sp a |||||||||||||spa d
020 ## - INTERNATIONAL STANDARD BOOK NUMBER
ISBN 843451141X
041 ## - CODIGO DE IDIOMA
Código de idioma del texto/pista de sonido o título separado spa
092 ## - SIGNATURA TOPOGRAFICA DEWEY LOCAL
número de clasificación 611.9
libristica 82
sección TES
100 1# - ENTRADA PRINCIPAL--NOMBRE PERSONAL
Nombre personal Testut, L.
9 (RLIN) 145
245 ## - TITULO PROPIAMENTE DICHO
Título Tratado de anatomía topográfica con aplicaciones medicoquirúrgicas.
Subtítulo y Título paralelo T.1 /
Mención de responsabilidad y remanente de la transcripción de la portada L. Testut
250 ## - MENCION DE EDICION
Mención de edición 8a ed.
Mención de responsabilidad relacionada con la ed. Ilutrada por S. Dupret
260 ## - PIE DE IMPRENTA
Lugar de publicación, distribución, etc Barcelona:
Nombre de la editorial, distribuidor, etc Salvat;
Fecha de publicación 1983.
300 ## - DESCRIPCION FISICA
Extension 1-889 p.
Otros detalles físicos Con 651 figuras en el texto, dibujadas por S. Dupret de las cuales 562 estan impresas en colores.
500 ## - NOTA GENERAL
Nota general Testut, L. y Jacob, O. (1983). Tratado de anatomía topográfica con aplicaciones medicoquirúrgicas. T.1 (8a ed.). Barcelona : Salvat.
590 ## - NOTAS LOCALES (RLIN)
Nota local Donación Dra. Graciela Casé. 9/11/2004
653 ## - TÉRMINO INDIZADO - PALABRAS CLAVES
Palabra clave Cabeza
653 ## - TÉRMINO INDIZADO - PALABRAS CLAVES
Palabra clave Raquis
653 ## - TÉRMINO INDIZADO - PALABRAS CLAVES
Palabra clave Cuello
653 ## - TÉRMINO INDIZADO - PALABRAS CLAVES
Palabra clave Tórax
700 1# - ENTRADAS SECUNDARIAS - NOMBRE PERSONAL
Nombre personal Jacob, O.
9 (RLIN) 1334
930 ## - NUMERO DE INVENTARIO
Número de inventario 1085
942 ## - ADDED ENTRY ELEMENTS (KOHA)
Source of classification or shelving scheme Dewey Decimal Classification
Item type Libros
Existencias
Estado de retiro Existencia Fuente de clasificación Estado general No para prestamo Ubicación permanente ubicación actual Sala de ubicación Fecha de adquisición Total Checkouts Total Renewals Número de clasificación Código de barras Date last seen Date last borrowed Número de ejemplar Price effective from Koha tipo de elemento (item) Public note Coded location qualifier Fuente de adquisición
    Dewey Decimal Classification     Biblioteca Medicina Biblioteca Medicina Circulación 13/05/2011 25 1 611.9 82 TES 1085 30/10/2024 22/10/2024 ej.1 13/05/2011 Libros Hemeroteca 2022    
    Dewey Decimal Classification     Biblioteca Medicina Biblioteca Medicina Circulación 22/02/2019 1   611.9 82 TES 4382 19/09/2023 19/09/2023 Ej.2 22/02/2019 Libros Donación Febrero 2019. Hemeroteca 2022   Donación Febrero 2019

UNIVERSIDAD NACIONAL DEL COMAHUE
Biblioteca de la Facultad de Ciencias Médicas
Sede Toschi: Los Arrayanes y Av. Toschi, Cipolletti  - Rio Negro
Sede Los Tordos:  Yrigoyen al 2211, Cipolletti - Rio Negro 

Teléfono: 0299 - 4774707 int 25
Contacto: biblioteca@facimed.uncoma.edu.ar
© 2011 - 2026